Nghiên cứu về chế tạo màng mỏng dẫn điện trong suốt ZnO:(In,N)n bằng phương pháp phún xạ Magnetron DC : Luận văn Thạc sĩ Vật lý chuyên ngành Vật lý Kỹ thuật
Đề tài thực hiện chế tạo màng ZnO:(In,N) bán bẫn loại p bằng phương pháp phún xạ magnetron DC. Khảo sát các yếu tố ảnh hưởng đến cấu trúc, tính chất điện và tính chất quang của màng bán dẫn loại p....
Guardado en:
| Autor principal: | |
|---|---|
| Formato: | Libro |
| Lenguaje: | Undetermined |
| Publicado: |
Cần Thơ
Trường Đại học Cần Thơ
2011
|
| Materias: | |
| Etiquetas: |
Agregar Etiqueta
Sin Etiquetas, Sea el primero en etiquetar este registro!
|
| Thư viện lưu trữ: | Trung tâm Học liệu Trường Đại học Cần Thơ |
|---|
| LEADER | 01201nam a2200217Ia 4500 | ||
|---|---|---|---|
| 001 | CTU_166856 | ||
| 008 | 210402s9999 xx 000 0 und d | ||
| 082 | |a 537.6223 | ||
| 082 | |b T502 | ||
| 088 | |a 60440103 | ||
| 100 | |a Đào, Anh Tuấn | ||
| 245 | 0 | |a Nghiên cứu về chế tạo màng mỏng dẫn điện trong suốt ZnO:(In,N)n bằng phương pháp phún xạ Magnetron DC : | |
| 245 | 0 | |b Luận văn Thạc sĩ Vật lý chuyên ngành Vật lý Kỹ thuật | |
| 245 | 0 | |c Đào Anh Tuấn ; Lê Vũ Tuấn Hùng ( Hướng dẫn khoa học) | |
| 260 | |a Cần Thơ | ||
| 260 | |b Trường Đại học Cần Thơ | ||
| 260 | |c 2011 | ||
| 520 | |a Đề tài thực hiện chế tạo màng ZnO:(In,N) bán bẫn loại p bằng phương pháp phún xạ magnetron DC. Khảo sát các yếu tố ảnh hưởng đến cấu trúc, tính chất điện và tính chất quang của màng bán dẫn loại p. | ||
| 650 | |a Low-dimensional semiconductors,Chất bán dẫn thấp chiều | ||
| 904 | |i Hải | ||
| 980 | |a Trung tâm Học liệu Trường Đại học Cần Thơ | ||